000
00306 a2200145 4500
001
155885
040
_c
Escola São Tomás de Aquino
100
_a
CARRARO, Fernando
240
1
0
_a
Saúde e vida
_l
por
245
1
0
_a
Saúde e vida
300
_a
47
362
0
_a
2011
697
_a
CIÊNCIAS
942
_c
BK
999
_c
155885
_d
155885